Statistics for Domesticated Pets by Clue

Click here to take the quiz!

General Stats

  • This quiz has been taken 25 times
  • The average score is 10 of 16

Answer Stats

CluePet% Correct
Siamese, Sphynx, PersianCat
100%
Rhodesian Ridgeback, Chow Chow, HuskyDog
100%
Western Honey, Bumble, KillerBee
85%
Dromedary, Bactrian, Wild BactrianCamel
80%
Arabian, Thoroughbred, ShireHorse
70%
Plymouth, Leghorn, Rhode IslandChicken
65%
Red, Fennec, Tibetian SandFox
65%
Suffolk, Hampshire, LeicesterSheep
65%
Peruvian, American, TeddyGuinea pig
60%
Rex, Hairless, SatinRat
55%
Oranda, Fantail, LionheadGoldfish
50%
Vicuna, Wooly, SuriLlama
50%
Parakeet, English, YellowfaceBudgie
40%
Koromo, Bekko, AsagiKoi
35%
African Pygmy, Long-eared, North AfricanHedgehog
25%
Lizard, Australian Plainhead, Red FactorCanary
20%

Score Distribution

Percentile by Number Answered

Percent of People with Each Score

Your Score History

You have not taken this quiz